[Event "Brno Duras BVK op-B"]
[Site "Brno"]
[Date "2003.07.03"]
[Round "6"]
[White "Pehal, Ludek"]
[Black "Spacil, Leos"]
[Result "0-1"]
[WhiteElo "1651"]
[BlackElo "1718"]
[PlyCount "72"]
[EventDate "2003.06.28"]
[EventType "swiss"]
[EventRounds "9"]
[EventCountry "CZE"]
[SourceTitle "EXT 2006"]
[Source "ChessBase"]
[SourceDate "2005.11.24"]
[SourceVersion "1"]
[SourceVersionDate "2005.11.24"]
[SourceQuality "1"]

1. e4 e5 2. Nc3 Nf6 3. f4 exf4 4. Nf3 Nc6 5. d4 d6 6. Bxf4 Bd7 7. Bc4 Bg4 8. 0-0 Qd7 9. Qd2 0-0-0 10. Rae1 a6 11. a3 h6 12. b4 Na7 13. b5 axb5 14. Nxb5 Nxb5 15. Qa5 c6 16. Bxb5 cxb5 17. c4 Qc7 18. Qxb5 Qc6 19. Qb3 g5 20. d5 Qa6 21. Bg3 Nd7 22. Bf2 Bg7 23. Nd4 Nc5 24. Qe3 Rhe8 25. Qg3 Bd7 26. Nb5 Be5 27. Qf3 f6 28. Bxc5 dxc5 29. Rb1 Rf8 30. Qd3 h5 31. a4 h4 32. d6 Bxb5 33. axb5 Qxd6 34. Qa3 Bxh2+ 35. Kh1 Be5 36. Rfd1 Qxd1+ 0-1

[Event "Brno Duras BVK op-B"]
[Site "Brno"]
[Date "2003.06.28"]
[Round "1"]
[White "Roubinek, David"]
[Black "Spacil, Leos"]
[Result "0-1"]
[WhiteElo "1100"]
[BlackElo "1718"]
[PlyCount "76"]
[EventDate "2003.06.28"]
[EventType "swiss"]
[EventRounds "9"]
[EventCountry "CZE"]
[SourceTitle "EXT 2006"]
[Source "ChessBase"]
[SourceDate "2005.11.24"]
[SourceVersion "1"]
[SourceVersionDate "2005.11.24"]
[SourceQuality "1"]

1. e4 e5 2. Nf3 Nc6 3. Bc4 h6 4. Nc3 Nf6 5. 0-0 Be7 6. d4 exd4 7. Nxd4 Ne5 8. Bb3 0-0 9. f4 Ng6 10. Be3 Bb4 11. Qd3 Bxc3 12. bxc3 d6 13. h3 Re8 14. Qc4 d5 15. Qc5 Rxe4 16. Rae1 b6 17. Qc6 Ba6 18. Rf2 Ne7 19. Qa4 Bb7 20. c4 c5 21. Nb5 dxc4 22. Bxc4 a6 23. Nc3 b5 24. Nxb5 axb5 25. Qxb5 Ba6 26. Qxc5 Rxc4 27. Rd2 Qxd2 28. Bxd2 Rxc5 29. Bb4 Rxc2 30. Rxe7 Nd5 31. Re4 Nxb4 32. Rxb4 Rd8 33. Rb6 Rd1+ 34. Kh2 Bf1 35. Kg3 Rxg2+ 36. Kf3 f5 37. Rb3 Rxa2 38. h4 Rd3+ 0-1